000 00925nam a2200277 a 4500
001
003 DO-SdBNP
005 20211020110120.0
008 110315s2010 dr a 000 0 spa d
020 _a9789945020953
040 _aDO-SdBNP
_bspa
_cBPMSU
082 _aR497.03
_bG216v, 2010
_222
100 1 _aGarcía Bidó, Rafael,
_d1953-
245 1 0 _aVoces de bohío :
_bvocabulario de la cultura taína /
_cRafael García Bidó.
250 _a4ª ed.
260 _aSanto Domingo :
_bArchivo General de la Nación,
_c2010.
300 _a155 p. :
_bil. ;
_c23 cm.
490 0 _aArchivo General de la Nación;
_a Cuadernos populares,
_v3
504 _aBibliografía : p. 147-148
590 _aInventariado, 2021/VM
650 4 _aLenguas indígenas
_vDiccionarios
650 4 _aIndígenas de las antillas
_xLenguas
_vDiccionarios
650 4 _aTaínos
_xLenguas
_vDiccionarios
910 _aVMateo V.
942 _2ddc
_cBK
999 _c13811
_d13811